00302nam a2200121 a 450000500170000000800410001702000180005805000130007624500210008926000310011030000230014165000160016420140412111313.0000818s19uu xx 00 eng d a0-86611-868-3 aERbLi72 aLittle boy blue. aNew York :bPlaymore, Inc. a1 v. (unp.) ; ill. aBoy-Fiction